00000000nam##2200000za#4500
0019.697415
003CaOODSP
00520210624235454
007cr |||||||||||
008150407|2009||||xxc|||||o    f|0| 0 eng|d
040 |aCaOODSP|beng
043 |an-cn---
0861 |aH128-1/09-595E-PDF
1101 |aCanada. |bHealth Canada. |bHealthy Environments and Consumer Safety Branch.
24510|aGuidance on controlling corrosion in drinking water distribution systems / |h[electronic resource]|cprepared by the Federal-Provincial-Territorial Committee on Drinking Water of the Federal-Provincial-Territorial Committee on Health and the Environment.
260 |aOttawa - Ontario : |bHealth Canada. |cJune 2009.
300 |a92p.|bfigs., references, tables
500 |aThe catalogue number (H128-1/09-595E) and ISBN (978-1-100-14193-0) for the print edition have been incorrectly copied in this electronic publication.
590 |a13-06-Supp|b2013-03-19
69007|aDrinking water|2gcpds
77508|tDocument de conseils sur le contrôle de la corrosion dans les réseaux de distribution d'eau potable / |w(CaOODSP)9.641461
85640|ahttp://publications.gc.ca|qPDF|s349 KB|uhttps://publications.gc.ca/collections/collection_2013/sc-hc/H128-1-09-595-eng.pdf
986 |aHC Pub.: 091130